Najlepsi strzelcy w historii reprezentacji Brazylii. - Statystyki

Ogólne statystyki
  • Ten quiz został rozwiązany 415 razy
  • Średni wynik to 7 z 15
Statystyki odpowiedzi
Ilość goli Piłkarz % Poprawnych
64 goli Neymar
97%
77 goli Pele
97%
56 goli Ronaldo
95%
30 goli Ronaldinho
87%
30 goli Rivaldo
69%
28 goli Kaka
58%
45 goli Romario
51%
26 goli Zico
35%
28 goli Robinho
25%
26 goli Adriano
23%
32 goli Bebeto
19%
21 goli Ademir
5%
21 goli Careca
5%
20 goli Tostao
4%
27 goli Luis Fabiano
3%
Nie znaleziono quizów pasujących do podanych kryteriów
Rozkład punktacji
Procent ludzi z każdym wynikiem
Percentyl według liczby udzielonych odpowiedzi
Twoja historia wyników
Nie rozwiązałeś tego quizu